Introduçao ao Direito da Concorrencia (as operaçoes de Concentraçao de empresa em Angola ) (Record no. 2210)

MARC details
000 -Etiqueta do registo
Campo de controlo de comprimento fixo 00414 a2200145 4500
020 ## - ISBN (NÚMERO DE LIVRO PADRÃO INTERNACIONAL)
ISBN 978-989-9294-04-2
040 ## - Fonte de Catalogação
Agência de catalogação Biblioteca Geral- Universidade Lusíada de Angola
082 ## - DEWEY DECIMAL CLASSIFICATION NUMBER
Classificador- CDU 34
100 ## - Nome Pessoal
9 (RLIN) 1038
Autor MOREIRA,Walter Nunes Bernardo de Matos
245 ## - Declaração de Título
Título Introduȧo ao Direito da Concorrencia (as operaȯes de Concentraȧo de empresa em Angola )
260 ## - Publicação e Destribuíção
Local de edição/distribuição Luanda ,
Editor/distribuidor JA EDITORA ,
Data de edição/distribuição 2025.
300 ## - Descrição Física
Nº Pág. 155p
650 ## - MATERIA
MATERIA Direito
942 ## - - Elementos de entrada adicionados (koha)
Tipo de documento Livros
Holdings
Withdrawn status Lost status Source of classification or shelving scheme Damaged status Not for loan Permanent Location Current Location Date acquired Inventory number Total Checkouts Full call number Barcode Date last seen Price effective from Koha item type
    Dewey Decimal Classification     Biblioteca Geral- Universidade Lusíada de Angola Biblioteca Geral- Universidade Lusíada de Angola 20/04/2026 13(1)   34 2026-0124 20/04/2026 20/04/2026 Livros